000
00179 a2200097 4500
020
_a
9780545164290
041
_a
eng
100
_a
Lynn Maslen Kertell
245
_a
I.J
942
_c
K
999
_c
27841
_d
27841